Personnages de Sex Education - Statistiques

Statistiques générales
  • Ce quiz a été pris 127 fois
  • Le résultat moyen est 11 sur 27
Statistiques - réponses
Par images Réponse % Correct
Sarah Owens
99%
Otis Milburn
98%
Maeve Wiley
88%
Eric Effiong
85%
Ruby Matthews
76%
Adam Groff
71%
Jackson Marchetti
71%
Aimee Gibbs
59%
Ola Nyman
54%
Lily Iglehart
49%
Jean Milburn
47%
Vivienne Odesanya
31%
Isaac Goodwin
28%
Jakob Nyman
23%
Erin Wiley
22%
Rahim Harrak
22%
Anwar Bakshi
20%
Cal Bowman
20%
Olivia Hanan
20%
Hope Haddon
19%
Maureen Groff
18%
Michael Groff
18%
Emily Sands
9%
Roman
7%
Abbi Montgomery
6%
Colin Andrews
6%
Aisha Green
3%
Aucun quiz correspondant
Distribution des résultats
% des personnes avec chaque résultat
Percentile par nombre de réponses
Votre historique - résultats
Vous n’avez pas pris ce quiz